Supreme conflict : (Record no. 2064)

MARC details
000 -LEADER
fixed length control field 01150cam a2200229 4500
001 - CONTROL NUMBER
control field 2599
005 - DATE AND TIME OF LATEST TRANSACTION
control field 20181127165337.0
008 - FIXED-LENGTH DATA ELEMENTS--GENERAL INFORMATION
fixed length control field 061006s2007 nyuaf b 001 0 eng
010 ## - LIBRARY OF CONGRESS CONTROL NUMBER
LC control number 2006033620
020 ## - INTERNATIONAL STANDARD BOOK NUMBER
International Standard Book Number 1594201013
International Standard Book Number 9781594201011
043 ## - GEOGRAPHIC AREA CODE
Geographic area code n-us---
100 1# - MAIN ENTRY--PERSONAL NAME
Personal name Greenburg, Jan Crawford.
245 10 - TITLE STATEMENT
Title Supreme conflict :
Remainder of title the inside story of the struggle for control of the United States Supreme Court /
Statement of responsibility, etc. Jan Crawford Greenburg.
260 ## - PUBLICATION, DISTRIBUTION, ETC.
Place of publication, distribution, etc. New York :
Name of publisher, distributor, etc. Penguin Press,
Date of publication, distribution, etc. 2007.
300 ## - PHYSICAL DESCRIPTION
Extent 340 p., [16] p. of plates :
Other physical details ill. ;
Dimensions 25 cm.
504 ## - BIBLIOGRAPHY, ETC. NOTE
Bibliography, etc. note Includes bibliographical references (p. [321]-330) and index.
505 0# - FORMATTED CONTENTS NOTE
Formatted contents note Day's end -- Settling for Tony -- False hopes -- The devil you don't -- ""The youngest, cruelest justice"" -- Change of heart -- The Clinton way -- The natural -- ""Except he's not a woman"" -- ""Trust me"" -- Deconstructing Miers -- A full count.
610 10 - SUBJECT ADDED ENTRY--CORPORATE NAME
Corporate name or jurisdiction name as entry element United States.
Subordinate unit Supreme Court
General subdivision Officials and employees
-- Selection and appointment
-- History.
650 #0 - SUBJECT ADDED ENTRY--TOPICAL TERM
Topical term or geographic name entry element Judges
General subdivision Selection and appointment
Geographic subdivision United States
General subdivision History.
Topical term or geographic name entry element Political questions and judicial power
Geographic subdivision United States.
Holdings
Withdrawn status Lost status Source of classification or shelving scheme Damaged status Not for loan Collection code Home library Current library Shelving location Serial Enumeration / chronology Inventory number Total Checkouts Full call number Barcode Date last seen Price effective from Koha item type
    Dewey Decimal Classification     Main TEST RTC Library RTC Library Main opac 1129   347.7326 GRE 30003691 27/11/2018 27/11/2018 Main
Royal Thimphu College || All Right Reserved